Deserts by Clue - Statistics

General Stats
  • This quiz has been taken 15 times
  • The average score is 10 of 20
Answer Stats
Hint Desert % Correct
2) Large remote desert in westernChina and Mongolia Gobi
100%
1) The worlds largest hot desert, covering parts of 11 countries Sahara
100%
4) Very hot desert covering a vast partof southern CA, NV and parts of AZ Mojave
92%
5) Covers almost the entirety of the Middle Eastern peninsula Arabian
83%
7) Located in northern Chile, it is thedriest non-polar desert on Earth Atacama
83%
3) Covers much of remote Botswanaand parts of Namibia and South Africa Kalahari
83%
13) Located in coastal southern Africa, it isthe worlds oldest desert Namib
83%
9) Covering parts of NV, UT, CA andOR, it is the largest cold desert in the US Great Basin
58%
17) Covers parts of Jordan, Iraq and Saudi Arabiaand the country its named for Syrian
58%
15) Known as the worlds largest polar desert,it reaches extremes of -90C Antarctic
50%
16) Remote steppe desert in southern Argentina,bounded by the Andes range Patagonian
42%
8) Covers parts of northwestern Mexico,Arizona, and parts of Baja California Sonoran
33%
11) This national park in New Mexico is anarid region of gypsum crystal sands White Sands
33%
6) Remote, arid desert covering a vastregion of South and Western Australia Great Victoria
25%
14) Central Asian desert where the famous "door to hell" gas crater is located Karakum
17%
19) Arid desert covering parts of NW India andthe border with Pakistan Thar
17%
12) High elevation desert covering parts ofTX, NM and northern Mexico Chihuahuan
8%
10) Located in the 4 corners region of theUS, its known for its colorful rock formations Painted
8%
18) Remote area of NW China bounded by several mountain ranges of southern Xinjiang Taklamakan
8%
20) Vast plateau covering southern Ethiopia andparts of Somalia Ogaden
0%
No matching quizzes found
Score Distribution
Percent of People with Each Score
Percentile by Number Answered
Your Score History
You have not taken this quiz